000 01172cam a22002891a 4500
001 e 11002178
003 DLC
005 20260227111156.0
007 cr_|||||||||||
008 830823s1911 dcu b f000 0 eng c
010 _ae 11002178
035 _a(OCoLC)9837057
040 _aLibrary, U.S. Office of Education
_cABAU
_dABAU
_dDLC
042 _apremarc
050 0 0 _aL111
_b.A6 1911, no. 15
051 _aLA1131
_b.K5
100 1 _aKing, Harry Edwin
245 1 4 _aThe educational system of China as recently reconstructed /
_cby Harry Edwin King.
260 _aWashington :
_bG.P.O.,
_c1911.
300 _a105 p. ;
_c23 cm.
490 0 _aBulletin / U.S. Bureau of Education ;
_v1911, no. 15 = Whole no. 462
501 _aL111.A6 with: Training of teachers of elementary and secondary mathematics / International Commission on the Teaching of Mathematics. Washington : Govt. Print. Off., 1911. Bound together subsequent to publication.
_5DLC
504 _aBibliography: p. 104-105.
530 _aAlso available in digital form on the Internet Archive Web site.
650 0 _aEducation
_zChina.
856 4 1 _uhttp://hdl.loc.gov/loc.gdc/scd0001.00209751124
999 _c19264
_d19264